Commentationes mathematicae Universitatis Carolinae 40, 3.

Uložené v:
Podrobná bibliografia
Médium: Kniha
Jazyk:English
Vydané: Praha : Mathematical Institute of Charles University, 1999
Vydanie:1. vyd.
Témy:
ISBN: (brož.)
Fyzický popis: S. 403-606.
Tagy: Pridať tag
Žiadne tagy, Buďte prvý kto otaguje tento záznam!

MARC

LEADER 00000nam a2200000 a 4500
001 000063708
003 SVKK
005 20000111000000.0
008 991123s1999 cs e engo
020 |a (brož.) 
040 |a SVKKK  |b slo  |c SVKKK  |e AACR2 
041 0 |a eng 
044 |a cs  |c CS 
080 |a 51(082)  |2 1997 
245 0 0 |a Commentationes mathematicae Universitatis Carolinae 40, 3. 
250 |a 1. vyd. 
260 |a Praha :  |b Mathematical Institute of Charles University,  |c 1999 
300 |a S. 403-606. 
653 0 |a matematika  |2 SVKKKPH 
653 0 |a zborníky  |2 SVKKKPH 
655 7 |a zborníky  |2 SVKKKPH 
910 |a svkkk 
974 |a UH  |d 19991208 
974 |a KL  |d 19991202 
974 |a MI  |d 20000111 
998 |a BK 
090 |g SCKHL  |k Sklad Pribinova prízemie  |a IV.181639  |j 929307  |i 63708-10  |s Absenčne